African Journal of Rheumatology (Record no. 37259)
[ view plain ]
| 000 -LEADER | |
|---|---|
| fixed length control field | 00366nam a2200133Ia 4500 |
| 022 ## - INTERNATIONAL STANDARD SERIAL NUMBER | |
| ISSN | 2307-2482 |
| 050 ## - CALL MARK | |
| Classification number | RC924 .A37 |
| 245 ## - TITLE STATEMENT | |
| Title | African Journal of Rheumatology |
| 250 ## - EDITION / VOLUME STATEMENT | |
| Edition / Volume statement | Vol. 11, No. 1 |
| 260 ## - PUBLICATION, DISTRIBUTION, ETC. (IMPRINT) | |
| Name of publisher | African League of Associations for Rheumatology (AFLAR) |
| Year of publication | 2023 |
| 300 ## - PHYSICAL DESCRIPTION | |
| Number of Pages | vi, 1-133 p. : ill. ; 29 cm. |
| 942 ## - ADDED ENTRY ELEMENTS (KOHA) | |
| Koha item type | Serials |
| Source of classification | Library of Congress Classification |
No items available.